| 000 | 00607nam a2200229 a 4500 | ||
|---|---|---|---|
| 001 | BRL_971 | ||
| 005 | 20190320210957.0 | ||
| 008 | 301013s1963----mx-#######---#000-0#spa-# | ||
| 041 | _aspa | ||
| 044 | _amx | ||
| 050 | 4 |
_aPQ7297.V35 _b.M84 1963 |
|
| 100 | 1 |
_aValadés, Edmundo _925473 |
|
| 245 | 1 | 0 |
_aLa Muerte Tiene Permiso _cEdmundo Valadés. |
| 250 | _a4a ed. | ||
| 260 |
_aMéxico _bFondo de Cultura Económica _c1963 |
||
| 300 |
_a134 p. _c17 cm. |
||
| 440 | 0 |
_aColección popular _v8 _925474 |
|
| 500 | _aAu1128 | ||
| 650 | 1 | 4 |
_aCuentos mexicanos _ySiglo XX _925042 |
| 902 | _aGRL | ||
| 942 |
_2lcc _cB |
||
| 999 |
_c9783 _d9783 |
||